000 01216aam a2200325 i 4500
001 768714001
003 CO-MdFUSB
005 20250522104309.0
007 ta
008 250522t1980 be |||| |||| 00| 0 spa d
040 _cCO-MdFUSB
041 0 _aspa
_heng
082 0 4 _223
_a248.4
_bI5974p
110 1 _aInstituto Internacional por Correspondencia (ICI)
240 _aWhen you pray
245 1 0 _aCuando oramos
_c/ Instituto Internacional por Correspondencia
264 1 _bInstituto Internacional por Correspondencia,
_aBruselas, Bélgica :
_c[1980]
264 4 _c©1980
300 _a98 páginas
336 _atexto
_btxt
_2rdacontent
337 _2rdamedia
_asin mediación
_bn
338 _2rdacarrier
_avolumen
_bnc
490 _aPrograma de Vida Cristiana,
505 _aCuando oramos, pensemos en Dios. -- Cuando oramos, acerquémonos a Dios. -- Cuando oramos, escuchemos a Dios. -- Cuando oramos, usemos la Palabra de Dios. -- Cuando oramos, pensemos en los demás. -- Cuando oramos, unámonos a otros. -- Cuando oramos, permitamos la ayuda del Espíritu Santo.
563 _aRústico
650 7 _aOración
_986
650 0 _aVida cristiana
_919
942 _cBK
945 _aJTF-925
999 _c42869
_d42869